[Event "CAN-ch"]
[Site "Toronto CAN"]
[Date "2025.04.19"]
[Round "5.4"]
[White "Kaufman, Raymond"]
[Black "Lin, Leo"]
[Result "1-0"]
[WhiteElo "2216"]
[BlackElo "2119"]
[WhiteFideId "-1"]
[WhiteFideId "-1"]
[PlyCount "71"]
[GameId "2170886165189995"]
[EventDate "2025.04.17"]
[EventType "swiss"]
[EventRounds "9"]
[EventCountry "CAN"]

1. d4 Nf6 2. c4 g6 3. f3 d5 4. cxd5 Nxd5 5. e4 Nb6 6. Nc3 Bg7 7. Be3 O-O 8. Qd2 Nc6 9. O-O-O a5 10. h4 Qe8 11. h5 e5 12. hxg6 fxg6 13. d5 Nd4 14. Bd3 c5 15. Nge2 Bd7 16. Bh6 Rf7 17. f4 Bf6 18. Rdf1 exf4 19. Bxf4 Qf8 20. Ng3 Re8 21. Bc7 Na8 22. Bf4 a4 23. e5 Bxe5 24. Bxe5 Rxe5 25. Nce4 Rxf1+ 26. Rxf1 Nf5 27. Qc3 Qe7 28. d6 Qg7 29. Bc4+ Kf8 30. Qa5 Re8 31. Nxc5 Rc8 32. Nxf5 gxf5 33. Nxd7+ Ke8 34. Re1+ Kxd7 35. Qxf5+ Kd8 36. Re8+ 1-0

[Event "CAN-ch"]
[Site "Toronto CAN"]
[Date "2025.04.19"]
[Round "5.5"]
[White "Ng, Gary"]
[Black "Mendes, Aaron Reeve"]
[Result "1/2-1/2"]
[WhiteElo "2210"]
[BlackElo "2334"]
[WhiteFideId "-1"]
[WhiteFideId "-1"]
[PlyCount "138"]
[GameId "2170886165194092"]
[EventDate "2025.04.17"]
[EventType "swiss"]
[EventRounds "9"]
[EventCountry "CAN"]

1. e4 c6 2. d4 d5 3. e5 c5 4. dxc5 e6 5. c3 Qc7 6. Nf3 Bxc5 7. Bd3 Nd7 8. Qe2 Ne7 9. O-O Ng6 10. Re1 O-O 11. h4 f6 12. Bxg6 hxg6 13. exf6 Nxf6 14. Be3 Bxe3 15. Qxe3 Ng4 16. Qd4 Rf4 17. Qd3 Rxf3 18. Qxf3 Qh2+ 19. Kf1 b6 20. Nd2 Ba6+ 21. c4 Qh1+ 22. Ke2 Qxh4 23. g3 Qh5 24. Rh1 Qe5+ 25. Kd1 Qxb2 26. Rb1 Qd4 27. Rh4 Nxf2+ 28. Ke1 Ne4 29. Nxe4 Qg1+ 30. Kd2 dxe4 31. Qxe4 Qf2+ 32. Kc1 Qf1+ 33. Kc2 Qf5 34. Rf1 Qxe4+ 35. Rxe4 Rc8 36. Kb3 Rc6 37. Rd1 Bc8 38. Rd8+ Kf7 39. Rf4+ Ke7 40. Rg8 e5 41. Rxg7+ Kd6 42. Rf6+ Be6 43. Rxe6+ Kxe6 44. Rxg6+ Kd7 45. Rxc6 Kxc6 46. Kc3 b5 47. cxb5+ Kxb5 48. Kd3 Kc5 49. Ke4 Kd6 50. g4 Ke6 51. g5 a6 52. a3 a5 53. a4 Kf7 54. Kxe5 Kg6 55. Kf4 Kg7 56. Kf5 Kf7 57. Ke5 Kg6 58. Kf4 Kg7 59. Ke5 Kg6 60. Kd5 Kxg5 61. Kc5 Kf6 62. Kb5 Ke7 63. Kxa5 Kd8 64. Kb6 Kc8 65. Ka7 Kc7 66. a5 Kc8 67. a6 Kc7 68. Ka8 Kb6 69. a7 Kc7 1/2-1/2

[Event "CAN-ch"]
[Site "Toronto CAN"]
[Date "2025.04.19"]
[Round "5.7"]
[White "Atanasov, Anthony"]
[Black "Windram, James"]
[Result "1-0"]
[WhiteElo "2413"]
[BlackElo "1953"]
[WhiteFideId "-1"]
[WhiteFideId "-1"]
[PlyCount "129"]
[GameId "2170886165194094"]
[EventDate "2025.04.17"]
[EventType "swiss"]
[EventRounds "9"]
[EventCountry "CAN"]

1. e4 c5 2. Nf3 d6 3. d4 cxd4 4. Nxd4 Nf6 5. Nc3 Nc6 6. h3 e5 7. Nf3 Be7 8. a3 O-O 9. Bc4 Be6 10. Ba2 h6 11. O-O Qd7 12. Qd3 Rfd8 13. Rd1 a6 14. Be3 b5 15. Nd5 Bxd5 16. Bxd5 Nxd5 17. Qxd5 Qc7 18. c4 Rab8 19. b4 Rdc8 20. Rac1 Qb7 21. Rd3 Nd8 22. Rdc3 Ne6 23. R1c2 Rd8 24. g3 Bf6 25. cxb5 axb5 26. Rc6 Qa8 27. Kg2 Be7 28. h4 Bf8 29. R6c3 Be7 30. Nd2 Bf6 31. Rc1 Kf8 32. Kf1 Kg8 33. Nb3 Nd4 34. Na5 Qxd5 35. exd5 Rd7 36. Rc8+ Rxc8 37. Rxc8+ Kh7 38. Bxd4 exd4 39. Nc6 d3 40. Ke1 Bb2 41. Kd2 Bxa3 42. Rb8 f5 43. Rxb5 f4 44. g4 f3 45. Kxd3 Rf7 46. Ra5 Bc1 47. Ra1 Bb2 48. Rb1 Bf6 49. b5 Bxh4 50. b6 Bxf2 51. b7 Be1 52. Rxe1 Rxb7 53. Nd4 Kg6 54. Nxf3 Rb3+ 55. Ke4 Rb4+ 56. Nd4 Kg5 57. Ra1 g6 58. Ra6 Kxg4 59. Rxd6 h5 60. Rxg6+ Kh3 61. d6 Rb7 62. Rh6 h4 63. Nf5 Rb4+ 64. Ke5 Rb5+ 65. Kf6 1-0

[Event "CAN-ch"]
[Site "Toronto CAN"]
[Date "2025.04.19"]
[Round "5.8"]
[White "Plotkin, Mark"]
[Black "Barron, Michael"]
[Result "1-0"]
[WhiteElo "2349"]
[BlackElo "2062"]
[WhiteFideId "-1"]
[WhiteFideId "-1"]
[PlyCount "109"]
[GameId "2173536116640046"]
[EventDate "2025.04.17"]
[EventType "swiss"]
[EventRounds "9"]
[EventCountry "CAN"]

1. d4 f5 2. Nc3 Nf6 3. Bg5 e6 4. e4 fxe4 5. Nxe4 Be7 6. Bxf6 Bxf6 7. Nf3 b6 8. Bd3 Bb7 9. Ne5 Bxe4 10. Bxe4 d5 11. Bd3 O-O 12. Qh5 g6 13. Qg4 Qe7 14. O-O Bxe5 15. dxe5 Nd7 16. Rfe1 Qf7 17. f4 Nc5 18. g3 Nxd3 19. cxd3 c5 20. a4 Qf5 21. Qxf5 gxf5 22. Kf2 Kf7 23. a5 b5 24. Rec1 Rfc8 25. a6 Ke7 26. h3 h5 27. Rg1 Rg8 28. Rgc1 Rgc8 29. b3 Kd7 30. Ke3 Kc6 31. b4 c4 32. dxc4 dxc4 33. Rd1 Rd8 34. Kf3 Kc7 35. g4 hxg4+ 36. hxg4 fxg4+ 37. Kxg4 Rg8+ 38. Kf3 Rad8 39. Ke4 Rg2 40. Rxd8 Kxd8 41. Kd4 Rd2+ 42. Kc5 Rd5+ 43. Kc6 Kc8 44. Rh1 c3 45. Rc1 Rd7 46. Kxb5 Rc7 47. Ka4 Rc4 48. Kb3 Rxf4 49. Rxc3+ Kd7 50. Rd3+ Ke7 51. Rh3 Rf7 52. Kc4 Kd7 53. Kc5 Kc7 54. Rh6 Re7 55. b5 1-0

[Event "CAN-ch"]
[Site "Toronto CAN"]
[Date "2025.04.19"]
[Round "5.9"]
[White "Wang, Harry"]
[Black "Jaferian, Koosha"]
[Result "1/2-1/2"]
[WhiteElo "2181"]
[BlackElo "2293"]
[WhiteFideId "-1"]
[WhiteFideId "-1"]
[PlyCount "71"]
[GameId "2173539869632822"]
[EventDate "2025.04.17"]
[EventType "swiss"]
[EventRounds "9"]
[EventCountry "CAN"]

1. d4 Nf6 2. c4 e6 3. Nf3 b6 4. a3 Bb7 5. Nc3 d5 6. Bg5 Be7 7. cxd5 Nxd5 8. Bxe7 Qxe7 9. Nxd5 Bxd5 10. e3 O-O 11. Rc1 Rc8 12. Bc4 Bb7 13. O-O Nd7 14. Qe2 c5 15. Ba6 Bxa6 16. Qxa6 Rc7 17. Rfd1 h6 18. h3 Nf6 19. dxc5 Rxc5 20. b4 Rxc1 21. Rxc1 Nd5 22. Nd4 Qd7 23. b5 Kh7 24. Nc6 Ne7 25. Qa4 Rc8 26. Rd1 Qe8 27. Rd6 a5 28. Nxe7 Qxe7 29. Qd4 Rc1+ 30. Kh2 Qc7 31. Qxb6 Qxb6 32. Rxb6 Ra1 33. Rb7 Kg6 34. Ra7 Rxa3 35. b6 Rb3 36. b7 1/2-1/2

[Event "CAN-ch"]
[Site "Toronto CAN"]
[Date "2025.04.19"]
[Round "5.10"]
[White "Kalinin, Dzmitry"]
[Black "Cummings, David"]
[Result "1-0"]
[WhiteElo "2119"]
[BlackElo "2257"]
[WhiteFideId "-1"]
[WhiteFideId "-1"]
[PlyCount "83"]
[GameId "2173542684424513"]
[EventDate "2025.04.17"]
[EventType "swiss"]
[EventRounds "9"]
[EventCountry "CAN"]

1. d4 Nf6 2. c4 e6 3. Nc3 d5 4. cxd5 exd5 5. Bg5 Be7 6. e3 h6 7. Bh4 O-O 8. Bd3 Re8 9. Qc2 c6 10. Nf3 Ne4 11. Bxe4 dxe4 12. Qxe4 f5 13. Bxe7 fxe4 14. Bxd8 exf3 15. Bc7 fxg2 16. Rg1 Bh3 17. Bxb8 Raxb8 18. Ke2 g5 19. f3 g4 20. f4 Rbd8 21. Kf2 h5 22. Rad1 b5 23. Rge1 h4 24. e4 b4 25. Na4 g3+ 26. hxg3 Bg4 27. Rd3 h3 28. Kg1 Bf5 29. Nc5 Re7 30. g4 Bc8 31. f5 Rh7 32. Kh2 Rh4 33. g5 Rf4 34. Kg1 Kg7 35. Rxh3 Rxd4 36. Kxg2 Rc4 37. Kg3 Bxf5 38. exf5 Rg4+ 39. Kf3 Rgf4+ 40. Ke3 Rxf5 41. Ne4 Rc2 42. Reh1 1-0

[Event "CAN-ch"]
[Site "Toronto CAN"]
[Date "2025.04.19"]
[Round "5.11"]
[White "Teodoro, Eduardo"]
[Black "Zhong, Ryan Yunhui"]
[Result "1/2-1/2"]
[WhiteElo "2350"]
[BlackElo "2078"]
[WhiteFideId "-1"]
[WhiteFideId "-1"]
[PlyCount "178"]
[GameId "2173545593071948"]
[EventDate "2025.04.17"]
[EventType "swiss"]
[EventRounds "9"]
[EventCountry "CAN"]

1. e4 e6 2. d4 d5 3. exd5 exd5 4. c4 Nf6 5. Nc3 Bb4 6. Bd3 O-O 7. Nge2 Be6 8. cxd5 Nxd5 9. O-O Nd7 10. a3 Bd6 11. Nxd5 Bxd5 12. Nc3 c6 13. Nxd5 cxd5 14. Qf3 Nb6 15. Be3 Rc8 16. Rac1 Qe7 17. Rce1 Rfd8 18. Qg4 Qf8 19. f4 Nd7 20. Qf5 Nf6 21. Bf2 Be7 22. Bh4 Ne4 23. Bxe4 g6 24. Bxe7 Qxe7 25. Bxd5 gxf5 26. Rxe7 Rxd5 27. Rd1 b6 28. Re2 Rcd8 29. Red2 Re8 30. Kf2 Re4 31. g3 Kg7 32. Rd3 Kf6 33. Kf3 Kg6 34. h3 Kf6 35. b4 h6 36. a4 a5 37. b5 h5 38. g4 hxg4+ 39. hxg4 Kg6 40. Rc1 Rdxd4 41. Rxd4 Rxd4 42. Rc6+ Kg7 43. gxf5 Rxa4 44. Rxb6 Rb4 45. Kg4 Rb1 46. f6+ Kh7 47. Kf5 a4 48. Rb7 Kg8 49. Rb8+ Kh7 50. Rb7 Kg8 51. Kg4 Kh7 52. f5 a3 53. Rxf7+ Kh6 54. Ra7 Rb4+ 55. Kf3 Rxb5 56. Kf4 Rb6 57. Ke5 Kg5 58. Rg7+ Kh6 59. Ra7 Kg5 60. Rg7+ Kh6 61. Rg8 a2 62. Ra8 Kg5 63. f7 Rf6 64. Rxa2 Rxf7 65. Rg2+ Kh6 66. Ke6 Ra7 67. Rg6+ Kh7 68. Ke5 Ra5+ 69. Kf4 Ra1 70. Rg2 Ra4+ 71. Kg5 Kg7 72. Rb2 Ra6 73. Rb7+ Kf8 74. Rb5 Kg7 75. Re5 Kf7 76. Rc5 Kg7 77. Rc7+ Kf8 78. Rh7 Kg8 79. Re7 Kf8 80. Rd7 Rb6 81. Kf4 Ke8 82. Rc7 Kf8 83. Ke5 Ra6 84. Rh7 Ra5+ 85. Kf6 Ra6+ 86. Kg5 Kg8 87. Rb7 Kf8 88. Rb5 Kf7 89. Rb3 Kg7 1/2-1/2

[Event "CAN-ch"]
[Site "Toronto CAN"]
[Date "2025.04.19"]
[Round "5.12"]
[White "Song, Ethan"]
[Black "Zhang, Brian"]
[Result "1/2-1/2"]
[WhiteElo "2291"]
[BlackElo "1951"]
[WhiteFideId "-1"]
[WhiteFideId "-1"]
[PlyCount "67"]
[GameId "2173553673359582"]
[EventDate "2025.04.17"]
[EventType "swiss"]
[EventRounds "9"]
[EventCountry "CAN"]

1. e4 c5 2. Nf3 a6 3. c3 e6 4. d4 d5 5. exd5 exd5 6. Bd3 Nf6 7. O-O cxd4 8. cxd4 Be7 9. Ne5 O-O 10. Nc3 Nc6 11. Be3 Bd6 12. f4 Ne7 13. Qf3 Bf5 14. Bxf5 Nxf5 15. Bf2 Bb4 16. Qd3 Nd6 17. Bh4 Bxc3 18. bxc3 Nde4 19. c4 dxc4 20. Nxc4 b5 21. Ne3 Qb6 22. Rfe1 Rfe8 23. Rad1 Rac8 24. Nf5 Qc7 25. Bxf6 Nxf6 26. Qg3 g6 27. Nh6+ Kf8 28. Qh4 Rxe1+ 29. Rxe1 Qc3 30. Nf5 gxf5 31. Qh6+ Kg8 32. Qg5+ Kf8 33. Qh6+ Kg8 34. Qg5+ 1/2-1/2

[Event "CAN-ch"]
[Site "Toronto CAN"]
[Date "2025.04.19"]
[Round "5.13"]
[White "Duong, Thanh Nha"]
[Black "Gao, Heye"]
[Result "1-0"]
[WhiteElo "2182"]
[BlackElo "2003"]
[WhiteFideId "-1"]
[WhiteFideId "-1"]
[PlyCount "101"]
[GameId "2173571019002089"]
[EventDate "2025.04.17"]
[EventType "swiss"]
[EventRounds "9"]
[EventCountry "CAN"]

1. e4 e5 2. Nf3 Nc6 3. Bb5 a6 4. Bxc6 dxc6 5. O-O Qf6 6. d4 exd4 7. Qxd4 Qxd4 8. Nxd4 Bc5 9. Nb3 Bb6 10. Nc3 Be6 11. Rd1 Nf6 12. h3 O-O 13. Bg5 Nd7 14. Nd4 Ne5 15. Be3 Nc4 16. Nxe6 Nxe3 17. Nxf8 Nxd1 18. Rxd1 Kxf8 19. Kf1 Re8 20. f3 Re6 21. Rd8+ Re8 22. Rxe8+ Kxe8 23. Ke2 Ke7 24. f4 Ke6 25. Kf3 Bd4 26. Nd1 b5 27. c3 Bc5 28. b3 a5 29. Nb2 Bd6 30. e5 Be7 31. c4 f6 32. exf6 Bxf6 33. Nd3 bxc4 34. bxc4 Bd4 35. Ke4 c5 36. a4 h5 37. g4 hxg4 38. hxg4 c6 39. f5+ Kf6 40. Kf4 Ke7 41. Ne5 Kd6 42. Nf3 Bc3 43. Kg5 Ke7 44. Kg6 Kf8 45. Ng5 Kg8 46. Ne6 Bd4 47. g5 Be5 48. f6 Bd6 49. f7+ Kh8 50. f8=Q+ Bxf8 51. Nxf8 1-0

[Event "CAN-ch"]
[Site "Toronto CAN"]
[Date "2025.04.19"]
[Round "5.14"]
[White "Dhaliwal, Jaipreet Singh"]
[Black "Xu, Leon"]
[Result "1-0"]
[WhiteElo "2109"]
[BlackElo "1969"]
[WhiteFideId "-1"]
[WhiteFideId "-1"]
[PlyCount "111"]
[GameId "2173761927516401"]
[EventDate "2025.04.17"]
[EventType "swiss"]
[EventRounds "9"]
[EventCountry "CAN"]

1. e4 e6 2. d4 d5 3. e5 c5 4. c3 Nc6 5. Nf3 Bd7 6. Be2 f6 7. O-O fxe5 8. Nxe5 Nxe5 9. dxe5 Qc7 10. Bf4 Ne7 11. Nd2 O-O-O 12. b4 c4 13. Nf3 Ng6 14. Bg3 Be7 15. Re1 h5 16. h3 Kb8 17. Nd4 h4 18. Bh2 Bg5 19. Bh5 Nf4 20. Bxf4 Bxf4 21. Qe2 Rhf8 22. Nf3 Qb6 23. Nxh4 Bh6 24. Nf3 Rf4 25. g3 Re4 26. Qc2 Rxe1+ 27. Rxe1 a5 28. a3 Kc7 29. Nd4 axb4 30. axb4 Ra8 31. Bg4 Ra3 32. Kg2 Kb8 33. f4 g6 34. Rb1 Bf8 35. Rb2 Qa7 36. Bxe6 Bxe6 37. Nxe6 Qe3 38. Nxf8 Rxc3 39. Qf2 Qe4+ 40. Kh2 d4 41. Nd7+ Kc8 42. Nc5 Qd5 43. Na4 Qf3 44. Nxc3 Qxc3 45. Rd2 d3 46. Qe3 Kd7 47. h4 Ke6 48. Rf2 Qxb4 49. g4 Kd7 50. f5 Qe7 51. e6+ Kc8 52. f6 Qh7 53. Qg3 d2 54. Rxd2 g5 55. Rd8+ Kxd8 56. Qb8# 1-0

[Event "CAN-ch"]
[Site "Toronto CAN"]
[Date "2025.04.19"]
[Round "5.15"]
[White "Liu, Sean"]
[Black "Joseph Benher, Savio"]
[Result "1/2-1/2"]
[WhiteElo "1937"]
[BlackElo "2108"]
[WhiteFideId "-1"]
[WhiteFideId "-1"]
[PlyCount "58"]
[GameId "2173763925062713"]
[EventDate "2025.04.17"]
[EventType "swiss"]
[EventRounds "9"]
[EventCountry "CAN"]

1. e4 e6 2. Nf3 d5 3. Nc3 Nf6 4. e5 Nfd7 5. d4 c5 6. dxc5 Nxc5 7. Bf4 Be7 8. Bd3 Nc6 9. O-O O-O 10. Qd2 a6 11. Rfe1 b5 12. Rad1 Bb7 13. Ne2 Ne4 14. Qc1 Qb6 15. Bxe4 dxe4 16. Nfd4 Bc5 17. c3 Rfd8 18. Qe3 Rd5 19. Qg3 Kh8 20. Nxc6 Bxc6 21. b4 Rxd1 22. Rxd1 Bf8 23. Be3 Qc7 24. Bd4 Bd5 25. Qf4 Bxa2 26. Qxe4 Bd5 27. Qe3 Qc6 28. Nf4 Bb3 29. Ra1 Kg8 1/2-1/2

[Event "CAN-ch"]
[Site "Toronto CAN"]
[Date "2025.04.19"]
[Round "5.16"]
[White "Mutyalapati, Modith Aaroh"]
[Black "Kot, Emanuel"]
[Result "0-1"]
[WhiteElo "1985"]
[BlackElo "2103"]
[WhiteFideId "-1"]
[WhiteFideId "-1"]
[PlyCount "78"]
[GameId "2173765534602305"]
[EventDate "2025.04.17"]
[EventType "swiss"]
[EventRounds "9"]
[EventCountry "CAN"]

1. e4 e6 2. d4 d5 3. Nc3 Nf6 4. Bg5 dxe4 5. Nxe4 Be7 6. Bxf6 gxf6 7. Nf3 f5 8. Ned2 c5 9. c3 Nc6 10. dxc5 Bxc5 11. Nb3 Qxd1+ 12. Rxd1 Be7 13. Bb5 Bd7 14. Na5 O-O-O 15. Bxc6 Bxc6 16. Nxc6 bxc6 17. Ne5 Rxd1+ 18. Kxd1 Bc5 19. Ke2 Kc7 20. Nxf7 Rb8 21. b3 Be7 22. f4 Bf6 23. c4 Rf8 24. Ng5 Bxg5 25. fxg5 e5 26. Rf1 Kd6 27. Ke3 Ke6 28. h4 f4+ 29. Kf3 Rd8 30. Re1 Rd3+ 31. Ke4 Rg3 32. Re2 c5 33. h5 Rxg5 34. Rd2 Rg3 35. Re2 h6 36. b4 a6 37. bxc5 Rc3 38. c6 Rxc4+ 39. Kd3 Kd5 0-1

[Event "CAN-ch"]
[Site "Toronto CAN"]
[Date "2025.04.19"]
[Round "5.17"]
[White "Bao, Tony"]
[Black "Joseph, Jonath"]
[Result "1-0"]
[WhiteElo "1979"]
[BlackElo "2034"]
[WhiteFideId "-1"]
[WhiteFideId "-1"]
[PlyCount "113"]
[GameId "2174540456012991"]
[EventDate "2025.04.17"]
[EventType "swiss"]
[EventRounds "9"]
[EventCountry "CAN"]

1. e4 e5 2. Nf3 Nc6 3. Bc4 Bc5 4. c3 Nf6 5. d3 d6 6. O-O a6 7. a4 h6 8. Nbd2 Ba7 9. Re1 Ne7 10. Nf1 Ng6 11. h3 O-O 12. Ng3 c6 13. Bb3 d5 14. Be3 Bxe3 15. Rxe3 Qc7 16. Qc2 Be6 17. Rae1 Rfe8 18. d4 Nxe4 19. Nxe4 dxe4 20. Nxe5 Nxe5 21. dxe5 Bf5 22. f4 Rad8 23. Qf2 Qb6 24. Ba2 Rd7 25. g4 Bh7 26. e6 fxe6 27. f5 Kh8 28. Rxe4 Qxf2+ 29. Kxf2 Rd2+ 30. R1e2 Rxe2+ 31. Kxe2 e5 32. Ke3 Bg8 33. Bxg8 Kxg8 34. Rb4 b5 35. axb5 cxb5 36. Ke4 Kf7 37. c4 bxc4 38. Rb7+ Kf6 39. Rb6+ Kf7 40. h4 a5 41. g5 hxg5 42. hxg5 Rc8 43. Rb7+ Kf8 44. Kxe5 c3 45. bxc3 Rxc3 46. Ra7 Rc8 47. Rxa5 Rb8 48. Ra7 Kg8 49. g6 Kf8 50. Kd6 Kg8 51. Ke7 Kh8 52. Rd7 Kg8 53. Rd8+ Rxd8 54. Kxd8 Kh8 55. Ke7 Kg8 56. Ke8 Kh8 57. f6 1-0

[Event "CAN-ch"]
[Site "Toronto CAN"]
[Date "2025.04.19"]
[Round "5.18"]
[White "Gavrilin, Roman"]
[Black "Tan, Brendan"]
[Result "1/2-1/2"]
[WhiteElo "2170"]
[BlackElo "1960"]
[WhiteFideId "-1"]
[WhiteFideId "-1"]
[PlyCount "59"]
[GameId "2173819558776922"]
[EventDate "2025.04.17"]
[EventType "swiss"]
[EventRounds "9"]
[EventCountry "CAN"]

1. e4 c5 2. Nf3 d6 3. d4 cxd4 4. Nxd4 Nf6 5. Nc3 a6 6. h3 e5 7. Nf3 Be7 8. g4 Be6 9. g5 Nfd7 10. Be3 b5 11. a4 b4 12. Nd5 Nc6 13. Bc4 Nc5 14. Qe2 Qa5 15. b3 Bd8 16. Nd2 Ne7 17. O-O-O O-O 18. h4 Rc8 19. Kb1 Kh8 20. f3 Nxd5 21. exd5 Bf5 22. Bxc5 Qxc5 23. Ne4 Bxe4 24. Qxe4 f5 25. gxf6 Rxf6 26. Bd3 g6 27. Qe2 Bb6 28. h5 g5 29. Be4 a5 30. Qd3 1/2-1/2

[Event "CAN-ch"]
[Site "Toronto CAN"]
[Date "2025.04.19"]
[Round "5.19"]
[White "Marchand, Calix"]
[Black "Trofimov-Malyshkin, Valentyn"]
[Result "1-0"]
[WhiteElo "2104"]
[BlackElo "1982"]
[WhiteFideId "-1"]
[WhiteFideId "-1"]
[PlyCount "121"]
[GameId "2173876453146722"]
[EventDate "2025.04.17"]
[EventType "swiss"]
[EventRounds "9"]
[EventCountry "CAN"]

1. e4 e6 2. d4 d5 3. Nc3 Bb4 4. e5 c5 5. a3 Bxc3+ 6. bxc3 Qc7 7. Nf3 Ne7 8. h4 Nbc6 9. h5 h6 10. Rh4 c4 11. Rf4 Bd7 12. Nh4 Nxe5 13. dxe5 Qxe5+ 14. Be2 Qxc3+ 15. Bd2 Qe5 16. c3 g5 17. hxg6 fxg6 18. Qb1 Rg8 19. Qxb7 Bc6 20. Qb4 g5 21. Nf3 Qc7 22. Rf6 Bd7 23. Rb1 g4 24. Bf4 Qd8 25. Ne5 Nc6 26. Qd6 Qxf6 27. Qxd7+ Kf8 28. Bxh6+ Rg7 29. Qxc6 Rd8 30. Nd7+ Rdxd7 31. Qxd7 Qxc3+ 32. Kf1 Kg8 33. Qxg7+ Qxg7 34. Bxg7 Kxg7 35. Bxg4 Kf6 36. Ke2 e5 37. Rb7 d4 38. Rxa7 c3 39. Bf3 Kf5 40. Kd3 Ke6 41. a4 Kd6 42. Ra5 Ke6 43. Rb5 Kd6 44. a5 Ke6 45. a6 Kd6 46. a7 Ke6 47. a8=N Kd6 48. Nb6 Ke6 49. Nc4 Kf6 50. Rxe5 Kg6 51. Kxd4 Kf6 52. Kxc3 Kg6 53. g4 Kf6 54. g5+ Kg6 55. Bg4 Kg7 56. Bh5 Kh7 57. Re7+ Kg8 58. Ne3 Kf8 59. Nf5 Kg8 60. Bg6 Kf8 61. Re8# 1-0

[Event "CAN-ch"]
[Site "Toronto CAN"]
[Date "2025.04.19"]
[Round "5.20"]
[White "Mok, Yuen Tak"]
[Black "Darvekar, Yash"]
[Result "1/2-1/2"]
[WhiteElo "1948"]
[BlackElo "2024"]
[WhiteFideId "-1"]
[WhiteFideId "-1"]
[PlyCount "128"]
[GameId "2173903122104435"]
[EventDate "2025.04.17"]
[EventType "swiss"]
[EventRounds "9"]
[EventCountry "CAN"]

1. e4 c5 2. Nf3 d6 3. Bb5+ Bd7 4. Bxd7+ Qxd7 5. c4 Nc6 6. Nc3 Nf6 7. O-O e6 8. d4 cxd4 9. Nxd4 Be7 10. Be3 O-O 11. Qe2 Rac8 12. b3 a6 13. Rac1 Bd8 14. Rfd1 Qe7 15. Bg5 h6 16. Bh4 Ba5 17. Nxc6 Rxc6 18. Rd3 b5 19. e5 dxe5 20. Qxe5 Bc7 21. Bxf6 Qxf6 22. Qxf6 gxf6 23. cxb5 axb5 24. Rcd1 b4 25. Na4 Be5 26. Kf1 Rfc8 27. Rd8+ Rxd8 28. Rxd8+ Kg7 29. Rd2 Bf4 30. Rd4 Rc1+ 31. Ke2 Rc2+ 32. Kf1 Bd2 33. Rg4+ Kf8 34. Rc4 Rxa2 35. h3 Ra3 36. Ke2 Ra2 37. Kd1 Bc3 38. Nxc3 bxc3 39. Rxc3 Rxf2 40. g3 Rf5 41. Ke2 Kg7 42. Rc4 h5 43. b4 Rb5 44. Kd3 Kg6 45. Kc3 f5 46. Rc5 Rb8 47. b5 Kg5 48. Kb4 f6 49. Rc4 e5 50. h4+ Kg6 51. Kc5 e4 52. Rb4 e3 53. Rb2 f4 54. Kd4 Kf5 55. b6 Kg4 56. gxf4 Kxf4 57. b7 e2 58. Rxe2 Rxb7 59. Rf2+ Kg3 60. Rxf6 Rg7 61. Rf5 Kxh4 62. Ke3 Kg4 63. Rf1 Re7+ 64. Kf2 Rf7+ 1/2-1/2

[Event "CAN-ch"]
[Site "Toronto CAN"]
[Date "2025.04.19"]
[Round "5.21"]
[White "Yang, Larry"]
[Black "Lu, Tony"]
[Result "1-0"]
[WhiteElo "1937"]
[BlackElo "1999"]
[WhiteFideId "-1"]
[WhiteFideId "-1"]
[PlyCount "111"]
[GameId "2173911201918784"]
[EventDate "2025.04.17"]
[EventType "swiss"]
[EventRounds "9"]
[EventCountry "CAN"]

1. e4 e6 2. d4 d5 3. Nd2 Be7 4. Ngf3 Nf6 5. e5 Nfd7 6. Bd3 c5 7. c3 Nc6 8. O-O a5 9. Re1 Qb6 10. c4 cxd4 11. cxd5 exd5 12. Nb3 a4 13. Nbxd4 Nxd4 14. Nxd4 Qxd4 15. e6 Kf8 16. exd7 Bxd7 17. Be3 Qb4 18. Be2 Bc6 19. Rc1 h5 20. Bd4 h4 21. Bh5 Qxe1+ 22. Qxe1 Rxh5 23. Bxg7+ Kxg7 24. Qxe7 d4 25. Rc5 Re8 26. Rg5+ Rxg5 27. Qxg5+ Kf8 28. f3 Re1+ 29. Kf2 Rd1 30. Qc5+ Kg8 31. Ke2 Rg1 32. Qg5+ Kf8 33. Qd8+ Be8 34. Qxd4 Rxg2+ 35. Ke3 Bc6 36. Qh8+ Ke7 37. Qxh4+ f6 38. Qb4+ Kf7 39. h4 Kg6 40. Qf8 Rxb2 41. Qg8+ Kh6 42. Qh8+ Kg6 43. h5+ Kf7 44. h6 Rg2 45. h7 Rg7 46. a3 f5 47. Kf4 Bxf3 48. Kxf3 b5 49. Kf4 b4 50. axb4 a3 51. Qa8 Rxh7 52. Qxa3 Ke6 53. Qa6+ Kd5 54. b5 Kc5 55. Qc6+ Kb4 56. b6 1-0

[Event "CAN-ch"]
[Site "Toronto CAN"]
[Date "2025.04.19"]
[Round "5.22"]
[White "Lu, Eddie"]
[Black "Hoekman, Samuel"]
[Result "1-0"]
[WhiteElo "1889"]
[BlackElo "1994"]
[WhiteFideId "-1"]
[WhiteFideId "-1"]
[PlyCount "105"]
[GameId "2173945369546568"]
[EventDate "2025.04.17"]
[EventType "swiss"]
[EventRounds "9"]
[EventCountry "CAN"]

1. d4 d5 2. Nf3 Nf6 3. Nbd2 a6 4. a3 Bf5 5. Nh4 Bg6 6. c4 e6 7. Qb3 Qc8 8. cxd5 exd5 9. g4 c5 10. g5 Nfd7 11. Nxg6 hxg6 12. Bg2 Nc6 13. dxc5 Nxc5 14. Qxd5 Qc7 15. Nf3 Bd6 16. Be3 Ne6 17. Rc1 O-O-O 18. Qc4 Bf4 19. b4 Bxe3 20. fxe3 Kb8 21. Kf2 Rhe8 22. b5 axb5 23. Qxb5 Qa5 24. Qxa5 Nxa5 25. h4 Nb3 26. Rc4 Nd2 27. Nxd2 Rxd2 28. Bxb7 Rb2 29. Bd5 Re7 30. Rhc1 Nc7 31. Bf3 Rb3 32. R1c3 Rxc3 33. Rxc3 Re5 34. Rc4 Ra5 35. Rf4 Rf5 36. Rxf5 gxf5 37. h5 Ne6 38. h6 gxh6 39. gxh6 Nf8 40. Bd5 f6 41. Bg8 Kc7 42. h7 Ng6 43. Bf7 Nh8 44. Bh5 Kd6 45. Kf3 Ke5 46. Be8 f4 47. exf4+ Kf5 48. e4+ Ke6 49. Bh5 Ke7 50. Ke3 Kf8 51. a4 Kg7 52. a5 Kxh7 53. a6 1-0

[Event "CAN-ch"]
[Site "Toronto CAN"]
[Date "2025.04.19"]
[Round "5.23"]
[White "Cheng, Adrien"]
[Black "Wang, Nathan"]
[Result "1-0"]
[WhiteElo "1801"]
[BlackElo "1977"]
[WhiteFideId "-1"]
[WhiteFideId "-1"]
[PlyCount "81"]
[GameId "2174118023737168"]
[EventDate "2025.04.17"]
[EventType "swiss"]
[EventRounds "9"]
[EventCountry "CAN"]

1. f4 Nf6 2. Nf3 d5 3. e3 g6 4. b3 Bg7 5. Bb2 O-O 6. d4 Bf5 7. Be2 c5 8. O-O Qc7 9. c3 Rc8 10. Ne5 h5 11. Bd3 Bxd3 12. Qxd3 e6 13. Nd2 Nc6 14. Rf3 Ne7 15. Ba3 cxd4 16. Bxe7 Qxe7 17. exd4 Rc7 18. Rc1 Rac8 19. Rc2 Ne8 20. Nf1 Nd6 21. Ne3 b5 22. Rf1 Kh7 23. Rfc1 Bh6 24. g3 Rd8 25. Ng2 a5 26. Nh4 Qf6 27. Kg2 Rb8 28. Kg1 Nf5 29. Nhf3 Qe7 30. Qe2 Qf6 31. Qd3 Kg8 32. c4 bxc4 33. bxc4 dxc4 34. Rxc4 Rxc4 35. Rxc4 Rb7 36. Nc6 Rb2 37. a4 Nd6 38. Rc2 Rb1+ 39. Kg2 Ra1 40. Qb3 Qf5 41. Ne7+ 1-0

[Event "CAN-ch"]
[Site "Toronto CAN"]
[Date "2025.04.19"]
[Round "5.24"]
[White "Malakhovets, Sergey"]
[Black "Siddeley, Hugh"]
[Result "0-1"]
[WhiteElo "1969"]
[BlackElo "1923"]
[WhiteFideId "-1"]
[WhiteFideId "-1"]
[PlyCount "106"]
[GameId "2174119866905301"]
[EventDate "2025.04.17"]
[EventType "swiss"]
[EventRounds "9"]
[EventCountry "CAN"]

1. d4 d6 2. Nf3 g6 3. c3 Bg7 4. e4 Nf6 5. Bd3 Nbd7 6. Bg5 h6 7. Bh4 g5 8. Bg3 Nh5 9. Nbd2 e6 10. Nc4 Qe7 11. O-O b6 12. Re1 Bb7 13. a4 a5 14. Nfd2 Nxg3 15. fxg3 h5 16. Ne3 g4 17. Nf5 exf5 18. exf5 Be5 19. dxe5 dxe5 20. Qe2 f6 21. Be4 O-O-O 22. b4 axb4 23. Bxb7+ Kxb7 24. Qe4+ c6 25. Qxb4 Qc5+ 26. Qxc5 Nxc5 27. Nc4 Kc7 28. Reb1 Rb8 29. Rd1 Rhd8 30. a5 b5 31. Ne3 Rxd1+ 32. Nxd1 Rd8 33. Nf2 Kb7 34. h3 gxh3 35. gxh3 Ka6 36. g4 h4 37. Kf1 Rd2 38. Rd1 Rxd1+ 39. Nxd1 Ne4 40. Ke2 Ng5 41. Nf2 Kxa5 42. Ke3 Kb6 43. Ne4 Nxe4 44. Kxe4 Kc7 45. g5 fxg5 46. Kxe5 Kd7 47. f6 Ke8 48. Kf5 Kf7 49. Kxg5 c5 50. Kf5 b4 51. cxb4 cxb4 52. Ke4 Kxf6 53. Kd4 Kf5 0-1